Etiqueta de registo: 00230nam 2200025 450
001 1735907
003 http://id.bnportugal.gov.pt/bib/catbnp/1735907
010 ## $a978-972-95134-2-8
021 ## $aPT$b273494/08
100 ## $a20100129d2008 m d0pory0103 ba
101 0# $apor
102 ## $aPT
105 ## $aa z 100yy
106 ## $ar
200 1# $aParceria numa Escola Inclusiva$eactas$fdo Encontro Parceria...$gorg. Programa para Prevenção e Eliminação da Exploração do Trabalho Infantil, Câmara
Municipal de Castro Daire
210 #9 $aCastro Daire$cC.M.,$d2008
215 ## $a44 p. a 2 colns$cil.$d30 cm
675 ## $a37.062(469)(042)$vBN$zpor$31411466
675 ## $a37.043(469)(042)$vBN$zpor$31301370
675 ## $a316.344(469)(042)$vBN$zpor$31232351
675 ## $a061.3$vBN$zpor$3292562
710 12 $aEncontro Parceria numa Escola Inclusiva,$d2,$eCastro Daire,$f2007$31408470
712 01 $aPortugal.$bPrograma para Prevenção e Eliminação da Exploração do Trabalho Infantil$4557$31335597
712 01 $aCastro Daire.$bCâmara Municipal$4557$34285
801 #0 $aPT$bBN$gRPC
900 ## $aBIBNAC$d20100330
966 ## $lBN$mFGMON$sS.C. 120575 V.
966 ## $lBN$mFGMON$sS.C. 120575 V.-D
Etiqueta de registo: 00230nam 2200025 450
001 1688085
003 http://id.bnportugal.gov.pt/bib/catbnp/1688085
010 ## $a972-98241-7-7
021 ## $aPT$b240848/06
100 ## $a20080723d2006 k a0pory0103 ba
101 0# $apor
102 ## $aPT
105 ## $aa n 000yy
106 ## $ar
200 1# $aPrevenção e eliminação da exploração do trabalho infantil$emedidas políticas e legislativas 2003 a 2006$f[ed. lit.] Ministério do Trabalho e da Solidariadade Social. Programa para Prevenção
e Eliminação da Exploração do Trabalho Infantil (PETI)
210 #9 $aLisboa$cM.T.S.S.,$d2006
215 ## $a31 p.$d24 cm
225 2# $aDocumentos PEETI$v3
675 ## $a347.19(469)"2003/2006"(094.5)$vBN$zpor$31342142
675 ## $a331-053.2(469)$vBN$zpor$3409114
712 11 $aPortugal.$bPrograma para Prevenção e Eliminação da Exploração do Trabalho Infantil$4340$31335597
801 #0 $aPT$bBN$gRPC
966 ## $lBN$mFGMON$sS.C. 112459 V.
966 ## $lBN$mFGMON$sS.C. 112459 V.-D